• 首页
  • 本馆介绍
  • 公告通知
  • 最新文献
  • 馆藏检索
  • 电子资源
  • 读者导购
  • 参考咨询
  • 我的图书馆
  • 登录
  • 详细信息显示
  • 放入我的书架
  • 预约/预借图书
  • 作者相关作品
  • 分类相关作品
  • 丛书相关作品
  • 出版社相关作品

书目信息

  • 表格格式
  • 工作单格式
  • 卡片格式
题名:
良性循环的理论及其调控机制
    
 
作者: 石建平 著
分册:  
出版信息: 北京   中国环境科学出版社  2006
页数: 329页
开本: 21cm
丛书名:
单 册:
中图分类: F062.1
科图分类:
主题词: 自然科学--资源经济学
电子资源:
ISBN: 7-80209-296-5
000 01780nam0 2200325 450
000 01743nam0 2200313 450
000 01742nam0 2200325 450
000 01688nam0 2200301 450
000 01673nam0 2200289 450
000 01636nam0 2200277 45
001 0000132
005 20061204173436.67
010    @a7-80209-296-5@dCNY27.00
100    @a20060829d2006 km y0chiy0121 eb
101 0  @achi
102    @b110000
105    @ay z000yy
110    @abuu 0xx0
200 1  @a良性循环的理论及其调控机制@Aliang xing xun huan de li lun ji qi tiao kong ji zhi@e循环经济研究新视角@EXun Huan Jing Ji Yan Jiu Xin Shi Jiao@f石建平著@FShi Jian Ping Zhu
210    @a北京@c中国环境科学出版社@d2006
215    @a329页@d21cm
314    @a 石建平,男,湖南省武冈市人,经济地理学硕士,资源环境学博士。现在福建省发展和改革委员会工作。福建省自然资源研究学会副理事长。多年从事宏观经济、区域经济、资源与环境等方面的行政管理与研究工作。参与国家、省级多项重要规划、政策制订和国家重大课题研究。在省级以上刊物发表学术论文40余篇,并出版了区域经济、资源环境研究等方面的专著。
330    @a 本书研究的主要内容包括五个方面:(1)阐述了生态学、生态系统和生态经济理论的在本脉络;(2)利用系统循环分析方法对福建省域复合生态系统特点进行了研究;(3)界定复合生态系统良性循环的内涵与标志、衡量的指标体系;(4)利用福建省复合生态系统的资源进行信息图谱开发,提出复合生态系统的信息图谱设计及应用的思路与建议;(5)根据复合生态系统的理论指导,联系福建实际,研究提出了实现复合生态系统良性循环的对策措施与政策建议。
606 0  @a自然科学@x资源经济学
690    @aF062.1@v4
701  0 @a石建平@Ashi jian ping@4著
801  0 @aCN@b中图数据@c20061204
905    @a10447@dF062.1@e48
    
    良性循环的理论及其调控机制:循环经济研究新视角/石建平著.-北京:中国环境科学出版社,2006
    329页;21cm
    
    
    ISBN 7-80209-296-5:CNY27.00
    本书研究的主要内容包括五个方面:(1)阐述了生态学、生态系统和生态经济理论的在本脉络;(2)利用系统循环分析方法对福建省域复合生态系统特点进行了研究;(3)界定复合生态系统良性循环的内涵与标志、衡量的指标体系;(4)利用福建省复合生态系统的资源进行信息图谱开发,提出复合生态系统的信息图谱设计及应用的思路与建议;(5)根据复合生态系统的理论指导,联系福建实际,研究提出了实现复合生态系统良性循环的对策措施与政策建议。
●
相关链接 在E读中查询图书 在五车中查询图书 在当当中查询图书 在豆瓣中查询图书


正题名:良性循环的理论及其调控机制     索取号:F062.1/48         预约/预借

序号 登录号 条形码 馆藏地/架位号 状态 备注
1 0615016   206150163   第一样本阅览室/ [索取号:F062.1/48] 在馆    
2 0615017   206150172   第一借阅区/ [索取号:F062.1/48] 在馆    
唐山师范学院图书馆 欢迎您!
大连网信软件有限公司© 版权所有